Nietzsche y la crisis del irracionalismo
Bewaard in:
| Hoofdauteur: | |
|---|---|
| Formaat: | Boek |
| Taal: | Undetermined |
| Gepubliceerd in: |
Buenos Aires, Argentina
Editorial Dédalo
1960
|
| Onderwerpen: | |
| Tags: |
Voeg label toe
Geen labels, Wees de eerste die dit record labelt!
|
MARC
| LEADER | 00000nam a2200000Ia 4500 | ||
|---|---|---|---|
| 008 | 170316s9999 xx 000 0 und d | ||
| 999 | |c 176 |d 176 | ||
| 040 | |a cru BVZT | ||
| 090 | |a 100 A-42n | ||
| 100 | |a Astrada, Carlos | ||
| 245 | |a Nietzsche y la crisis del irracionalismo |c / Carlos Astrada | ||
| 260 | |a Buenos Aires, Argentina |b Editorial Dédalo |c 1960 | ||
| 300 | |a 170 páginas | ||
| 650 | |a FILOSOFÍA |9 5 | ||
| 650 | |a IRRACIONALISMO | ||
| 650 | |a VOLUNTAD | ||
| 650 | |a INDIVIDUALISMO | ||
| 650 | 0 | |a CRÍTICA FILOSÓFICA |9 289 | |
| 942 | |c 15 D |h 100 A-42n |2 z | ||
